Villes françaises de plus de 100 000 habitants sur une carte - Statistiques

Statistiques générales
  • Ce quiz a été pris 402 fois
  • Le résultat moyen est 36 sur 42
Réponses sur la Carte
Les réponses sont colorées sur une échelle allant du rouge au vert en fonction du pourcentage des utilisateurs qui les ont devinées à leur premier essai. Vous pouvez retrouver ces pourcentages ci-dessous.
 
Statistiques - réponses
Ville Population % Correct
Marseille 877 215
100%
Bordeaux 265 328
99%
Lille 238 695
99%
Lyon 520 774
99%
Nice 353 701
99%
Paris 2 113 705
99%
Strasbourg 291 709
99%
Toulouse 511 684
98%
Nantes 325 070
97%
Brest 140 993
96%
Montpellier 307 101
96%
Rennes 227 830
96%
Le Havre 166 462
92%
Grenoble 156 389
91%
Saint-Denis 156 149
90%
Saint-Denis 115 237
90%
Clermont-Ferrand 147 751
89%
Dijon 159 941
89%
Caen 108 398
88%
Orléans 116 344
88%
Perpignan 120 996
88%
Toulon 180 834
88%
Reims 178 478
87%
Rouen 116 331
86%
Saint-Étienne 172 569
86%
Metz 121 695
85%
Tours 138 668
84%
Aix-en-Provence 147 933
83%
Angers 157 555
83%
Nancy 104 387
82%
Nîmes 150 444
81%
Annecy 131 272
80%
Amiens 134 780
79%
Limoges 129 754
79%
Le Mans 145 182
78%
Mulhouse 104 924
76%
Villeurbanne 162 207
75%
Besançon 120 057
72%
Boulogne-Billancourt 120 205
53%
Saint-Paul 106 220
47%
Montreuil 110 758
46%
Argenteuil 107 135
44%
Aucun quiz correspondant
Distribution des résultats
% des personnes avec chaque résultat
Percentile par nombre de réponses
Votre historique - résultats
Vous n’avez pas pris ce quiz